Regisseure nach Filmen #1 - Statistiken

Allgemein
  • Dieses Quiz wurde 103 mal gespielt
  • Das Durchschnittsergebnis liegt bei 7 aus 20
Antwortstatistiken
Film Regisseur % Korrekt
München (2005) Steven Spielberg
82%
Eraserhead (1977) David Lynch
65%
Kap der Angst (1991) Martin Scorsese
51%
2012 (2009) Roland Emmerich
50%
Get Out (2017) Jordan Peele
48%
Boogie Nights (1997) Paul Thomas Anderson
40%
Shaun of the Dead (2004) Edgar Wright
35%
Das Ding aus einer anderen Welt (1982) John Carpenter
34%
Tödliches Kommando - The Hurt Locker (2008) Kathryn Bigelow
34%
Paris, Texas (1984) Wim Wenders
28%
Boulevard der Dämmerung (1950) Billy Wilder
27%
Die Verurteilten (1994) Frank Darabont
27%
Signs - Zeichen (2002) M. Night Shyamalan
27%
Achteinhalb (1963) Federico Fellini
22%
Die Outsider (1983) Francis Ford Coppola
22%
Stalker (1979) Andrei Tarkowski
18%
Die Truman Show (1998) Peter Weir
18%
Arizona Junior (1987) Joel Coen
17%
Mission: Impossible - Fallout (2018) Christopher McQuarrie
16%
Contagion (2011) Steven Soderbergh
14%
Keine übereinstimmenden Quizze gefunden
Verteilung der Resultate
Anzahl Personen mit jedem Resultat
Perzentil nach korrekt beantworteten Fragen
Ihre Resultats-Entwicklung
Sie haben dieses Quiz noch nicht gespielt